000 00472nam a2200157Ia 4500
999 _c19183
_d19183
003 OSt
005 20200615140058.0
008 190216s9999||||xx |||||||||||||| ||und||
040 _coclc
082 _a301.31
_bMEE/M
100 _aMeek, Ronald L
_92912
245 0 _aMarx And Engels On The Population Bomb /
_cRonald L Meek
260 _bThe Ramparts Press,
_c1971.
_aCalifornia:
300 _a215p
942 _cBK
_2ddc
_h301.31
_iMEE/M
_k301.31
_mMEE/M